000
00328 a2200157 4500
001
50552
020
_a
9781407167305
040
_c
Anchieta - Bela Vista
100
_a
Beddall, Fiona
240
1
0
_a
Malala
_l
eng
245
1
0
_a
Malala
300
_a
40
362
0
_a
2015
650
4
_a
Literatura juvenil em inglês
942
_c
BK
999
_c
50552
_d
50552